000 00669nam a2200217 a 4500
005 20140310183610.0
008 120828s19uu xx 00 eng d
020 _a9780470444481
050 _aHG 4521
_b.G16 2010
100 _aGad, Sham
245 _aThe business of value investing :
_bsix essential elements to buying companies like Warren Buffett /
_cSham Gad.
260 _aHoboken, N.J. : Wiley ; Chichester :
_bJohn Wiley & Sons,
_c2009.
300 _a268 p. :
_c26 cm.
500 _aIncludes index.
521 _aBSBA
650 _aValue investing
650 _aCorporations
_xValuation
650 _aStocks
942 _cBK
_2lcc
_kFOR
999 _c25229
_d25229